000 00465nam a2200181Ia 4500
001 15955
005 20260306170234.0
008 260306t2012||||xx |||||||||||||| ||und||
041 _aESP
082 _a620.86
_bC82
100 _aCortés Díaz, José María
_eAUT
245 0 _aSeguridad e higiene del trabajo:
_btécnicas de prevención de riesgos laborales
260 _c2012
300 _a
_c
650 _aGEN
654 _aCII
942 _cLIB
_dJUS
_fJUS
_2ddc
_n
999 _c15955
_d15955